000 00670nam a2200205Ia 4500
003 IN-BaIIA
008 211028s9999 xx 000 0 eng d
020 _a90-277-1663-3
040 _cIIA Library
080 _a551.510.5
_bLYO
100 _aLyons, L. R.
_913994
245 0 _aQuantitative aspects of magnetospheric physics
_cL. R. Lyons and D. J. Williams
260 _aDordrecht
_bD. Reidel Publishing
_c1984
300 _axv, 231p.
650 _aAstronomy and astrophysics thesaurus
650 _aMagnetosphere
_93270
650 _aMagnetospheric substroms
_910003
700 _aWilliams, D. J.
_913995
942 _cBK
999 _c8349
_d8349